Caracterización de la fijación del dióxido de carbono presente en una corriente gaseosa con microalgas en un fotobioreactor

Gespeichert in:
Bibliographische Detailangaben
1. Verfasser: Chaves Morera, José Antonio
Format: Buch
Sprache:Spanish
Veröffentlicht: San José, Costa Rica 2014
Schlagworte:
Tags: Tag hinzufügen
Keine Tags, Fügen Sie den ersten Tag hinzu!

MARC

LEADER 00000nam a22000007a 4500
003 011949
005 20221231143859.0
008 150309b2014 cr a|||| |||| 00| 0 spa d
040 |c cru CEDI 
090 |a TFG 7115 
100 |9 387  |a Chaves Morera, José Antonio  
245 |a  Caracterización de la fijación del dióxido de carbono presente en una corriente gaseosa con microalgas en un fotobioreactor  
260 |a San José, Costa Rica  |c  2014 
500 |a Proyecto de graduación (licenciatura en ingeniería química)--Universidad de Costa Rica. Facultad de Ingeniería. Escuela de Ingeniería Química 
650 |x DIOXIDO DE CARBONO   |x  MICROALGAS   |x  FOTOBIORREACTORES - DISEÑO Y CONSTRUCCION   |x  GASES   |x COMBUSTION  |x FOTOQUIMICA  |x FOTOSINTESIS  |9 388 
942 |c TFG 
999 |c 13666  |d 13666